000 01110nam a22002537a 4500
005 20240305165422.0
007 cr|||| ||||
008 140502s2014 mx |||||s|||| 00||0 spa d
020 _a978-607-406-656-2
035 _a12097
040 _avLex
090 _c4900
_d4900
100 1 _aDomínguez Orozco, Jaime
245 1 0 _aSociedades y asociaciones civiles 2014
_h[Recurso electrónico] /
_cJaime Domínguez Orozco, Cuauhtémoc Reséndiz Núnez
256 _aServicio en línea
260 _aMéxico DF:
_bEdiciones Fiscales ISEF,
_c2014
300 _a1 recurso electrónico
506 1 _aDisponible solo en los productos indicados
_dvLex Global
_dvLex Global (Academic Edition, excluding Law Schools)
_dvLex Global (U.S. Academic Edition, Law Schools)
_dvLex Global (U.S. Academic Edition, excluding Law Schools)
_dvLex Global (Academic Edition, Law Schools)
650 0 4 _aDerecho Fiscal
_zMéxico
700 1 _aReséndiz Núnez, Cuauhtémoc
740 0 _avLex Libros (Servicio en línea)
856 4 0 _uhttps://app.vlex.com/#/sources/sociedades-y-asociaciones-civiles-2014-12097
942 _cRAA
999 _c163248
_d163248